02070cam a22004215a 4500999001700000001000900017005001700026008004100043010001700084020002200101020002500123035002300148040006200171042001400233082002100247100004500268245005900313250005500372260005900427300002900486490004400515500002500559504005100584505046600635520011001101586001701211650003501228650003101263650002601294650003201320650002801352651001001380653002501390655001701415856008101432942000801513952012701521 c26990d269621483288420181114113351.0070503t2006 nyua frb 001 0 eng d a 2007617724 a0393329461 (pbk.) a9780393329469 (pbk.) a(OCoLC)ocm72865980 aORXbengcORXdBAKERdUABdYDXCPdNPLdLMRdDLCdEG-ScBUE alccopycat04a301.113bSCH2221 aSchelling, Thomas C.,d1921-2016.94193010aMicromotives and macrobehavior /cThomas C. Schelling. aNew ed., with a new preface and the Nobel Lecture. aNew York ;aLondon :bW. W. Norton & Company,cc.2006. a270 p. :bill. ;c21 cm.0 aFels lectures on public policy analysis a"New edition"--P. 3. aIncludes bibliographical references and index.0 aPreface to the New Edition -- Acknowledgments -- 1. Micromotives and macrobehavior -- 2. The inescapable mathematics of musical chairs -- 3. Thermostats, lemons, and other families of models -- 4. Sorting and mixing : race and sex -- 5. Sorting and mixing : age and income -- 6. Choosing our children's genes -- 7. Hockey helmets, daylight saving, and other binary choices -- 8. An astonishing sixty years : the legacy of Hiroshima (the Nobel lecture) -- Index. aBefore Freakonomics and The Tipping Point there was this classic by the 2005 Nobel Laureate in Economics. aNobel prize. 7aPolicy sciences.2BUEsh913225 7aChoice (Psychology)2BUEsh 7aSocial choice.2BUEsh 7aCollective behavior.2BUEsh 7aSocial problems.2BUEsh 2BUEsh bBUSECOcNovember2018 vReading book413Table of contents onlyuhttp://www.loc.gov/catdir/toc/fy0710/2007617724.html 2ddc 00102ddc40708BaccahaMAINbMAINc1STd2018-11-14ePurchaseg350.00l0o301.113 SCHp000043918r2025-07-15 00:00:00yBB